| 000 | 00402 a2200157 4500 | ||
|---|---|---|---|
| 020 | _a8178089408 | ||
| 040 |
_aDLC _bDLC |
||
| 082 | _a512.5 | ||
| 100 | 1 | _aLay, David C. | |
| 245 | 0 | 0 |
_aLinear algebra and its applications _cDavid C. Lay |
| 250 | _a3rd ed. | ||
| 260 |
_aDelhi : _bPearson Education, _cc2003. |
||
| 300 |
_axvi, 492 p. : _bill. |
||
| 650 | 0 | _aLinear algebra. | |
| 942 |
_cBK _k512.5 LAY _2ddc |
||
| 999 |
_c5593 _d5593 |
||